[Event "DEN-chT 2122 59th"]
[Site "Denmark"]
[Date "2022.03.20"]
[Round "9.2"]
[White "Light, Bjarne"]
[Black "Matthiesen, Martin"]
[Result "0-1"]
[WhiteElo "2234"]
[BlackElo "2325"]
[PlyCount "80"]
[EventDate "2021.10.30"]
[EventType "team-tourn"]
[EventRounds "9"]
[EventCountry "DEN"]
[SourceTitle "EXT 2023"]
[Source "ChessBase"]
[SourceDate "2022.10.05"]
[SourceVersion "1"]
[SourceVersionDate "2022.10.05"]
[SourceQuality "1"]
[WhiteTeam "Fredericia"]
[BlackTeam "Copenhagen 68"]
[WhiteTeamCountry "DEN"]
[BlackTeamCountry "DEN"]

1. d4 Nf6 2. Nf3 g6 3. Bg5 Bg7 4. Nbd2 0-0 5. c3 h6 6. Bh4 d6 7. e4 Qe8 8. Bc4 e5 9. dxe5 dxe5 10. Qe2 Nh5 11. Qe3 Nd7 12. 0-0 Kh7 13. Rfe1 f5 14. exf5 gxf5 15. Nd4 Nb6 16. Bb3 Qg6 17. Ne2 Bd7 18. f4 Bc6 19. Qf2 exf4 20. Nd4 Bd5 21. Ne6 Rf7 22. Nf3 Bxb3 23. axb3 Nd5 24. Re2 Ne3 25. Nfd4 Bxd4 26. Nxd4 Rg8 27. Kh1 Rfg7 28. Rg1 c5 29. Nc2 Nxc2 30. Rxc2 Qc6 31. Rcc1 Rg4 32. Be7 b6 33. Qf3 Qe4 34. Qh3 Ng3+ 35. hxg3 Qxe7 36. Rge1 Qf6 37. Rcd1 R8g7 38. Rd2 fxg3 39. Kg1 Rh4 40. Rd6 Qg5 0-1

[Event "Esbjerg Autumn 1st"]
[Site "Esbjerg"]
[Date "2018.10.18"]
[Round "6"]
[White "Light, Bjarne"]
[Black "Kollars, Dmitrij"]
[Result "0-1"]
[WhiteElo "2182"]
[BlackElo "2540"]
[PlyCount "88"]
[EventDate "2018.10.15"]
[EventType "tourn"]
[EventRounds "9"]
[EventCountry "DEN"]
[EventCategory "4"]
[SourceTitle "CBM 186 Extra"]
[Source "ChessBase"]
[SourceDate "2018.08.24"]
[SourceVersion "1"]
[SourceVersionDate "2018.08.24"]
[SourceQuality "1"]

1. c4 e5 2. g3 Nc6 3. Bg2 Bc5 4. Nc3 a6 5. e3 d6 6. a3 Ba7 7. d3 h5 8. Nf3 Nge7 9. b4 Ng6 10. h4 Bg4 11. Qc2 Qd7 12. Bd2 Rb8 13. Nd5 Nce7 14. Ng5 f6 15. Ne4 0-0 16. Rc1 c6 17. Nxe7+ Nxe7 18. 0-0 d5 19. Nc5 Bxc5 20. bxc5 Bh3 21. Ba5 Rf7 22. Kh2 Bxg2 23. Kxg2 Qg4 24. Qd1 Qf5 25. Qe2 e4 26. Rfd1 g5 27. dxe4 dxe4 28. Rh1 g4 29. Bc7 Re8 30. Bd6 Ng6 31. Qb2 Rd7 32. Rc2 Qf3+ 33. Kh2 Red8 34. Rf1 Kf7 35. Kg1 Ke6 36. Qc3 b6 37. Qb4 bxc5 38. Bxc5 Rd1 39. Rc1 Nxh4 40. gxh4 g3 41. Rcxd1 Rxd1 42. Qb2 Rxf1+ 43. Kxf1 Qh1+ 44. Ke2 gxf2 0-1

[Event "Esbjerg Autumn 1st"]
[Site "Esbjerg"]
[Date "2018.10.16"]
[Round "2"]
[White "Light, Bjarne"]
[Black "Rostgaard, Tobias Valentin"]
[Result "0-1"]
[WhiteElo "2182"]
[BlackElo "2416"]
[PlyCount "50"]
[EventDate "2018.10.15"]
[EventType "tourn"]
[EventRounds "9"]
[EventCountry "DEN"]
[EventCategory "4"]
[SourceTitle "CBM 186 Extra"]
[Source "ChessBase"]
[SourceDate "2018.08.24"]
[SourceVersion "1"]
[SourceVersionDate "2018.08.24"]
[SourceQuality "1"]

1. Nf3 g6 2. d4 Bg7 3. c3 d6 4. Bg5 h6 5. Bh4 g5 6. Bg3 f5 7. e3 Nf6 8. h3 0-0 9. Bc4+ e6 10. Nbd2 Qe7 11. Qc2 Nc6 12. h4 g4 13. Ng1 Kh8 14. h5 Qe8 15. 0-0-0 Rb8 16. f3 b5 17. Bd3 Nd5 18. Nf1 b4 19. c4 b3 20. axb3 Nxe3 21. Nxe3 Nxd4 22. Qf2 Nxb3+ 23. Kb1 Qa4 24. Nc2 Nc5 25. Ne3 Qa3 0-1

[Event "Blankenese op 2nd"]
[Site "Hamburg"]
[Date "2018.09.29"]
[Round "2.7"]
[White "Schmitt, Carsten1111"]
[Black "Light, Bjarne"]
[Result "0-1"]
[WhiteElo "1946"]
[BlackElo "2176"]
[PlyCount "142"]
[EventDate "2018.09.29"]
[EventType "swiss"]
[EventRounds "7"]
[EventCountry "GER"]
[SourceTitle "EXT 2020"]
[Source "ChessBase"]
[SourceDate "2019.10.17"]
[SourceVersion "1"]
[SourceVersionDate "2019.10.17"]
[SourceQuality "1"]

1. c4 e6 2. g3 f5 3. Bg2 Nf6 4. Nf3 Be7 5. 0-0 0-0 6. b3 d6 7. Bb2 e5 8. d3 a5 9. Nc3 Qe8 10. Nd5 Bd8 11. e3 c6 12. Nxf6+ Bxf6 13. Nd2 Nd7 14. Qc2 Qh5 15. f4 Bd8 16. Rae1 Bb6 17. Nf3 exf4 18. gxf4 Nf6 19. Bd4 Bxd4 20. Nxd4 Ng4 21. h3 Nf6 22. Rf3 Bd7 23. Qf2 a4 24. Rg3 axb3 25. axb3 Qf7 26. Qb2 Nh5 27. Rf3 c5 28. Ne2 b5 29. Ng3 Nf6 30. Rff1 Rab8 31. Qc2 Rfc8 32. e4 fxe4 33. dxe4 bxc4 34. bxc4 Nh5 35. Nxh5 Qxh5 36. Qd1 Qh4 37. Re3 Be6 38. e5 dxe5 39. Bd5 Bxd5 40. Qxd5+ Kh8 41. Qxe5 h6 42. Qe7 Qh5 43. Rg3 Rg8 44. f5 Rbe8 45. Qxc5 Qh4 46. Qf2 Rgf8 47. Qf4 Qd8 48. Rg6 Rf6 49. c5 Ref8 50. Qg4 Qc7 51. Rxf6 Qxc5+ 52. Kh1 Rxf6 53. Qf4 Qf8 54. Qe5 Qa3 55. Kh2 Qd3 56. Rf2 Qd7 57. Kg2 Kg8 58. Qb8+ Rf8 59. Qe5 Qc6+ 60. Kh2 Re8 61. Qg3 Qf6 62. Qb3+ Kh7 63. Qf3 Re1 64. Rf1 Qe5+ 65. Kg2 Re3 66. Qf4 Qd5+ 67. Kg1 Rxh3 68. f6 Rh1+ 69. Kf2 Qa2+ 70. Kg3 Qh2+ 71. Kg4 Qh3# 0-1

[Event "Kiel op 31st"]
[Site "Kiel"]
[Date "2018.07.31"]
[Round "6"]
[White "Light, Bjarne"]
[Black "Haffner, Alexander"]
[Result "1-0"]
[WhiteElo "2177"]
[BlackElo "2107"]
[PlyCount "99"]
[EventDate "2018.07.28"]
[EventType "swiss"]
[EventRounds "9"]
[EventCountry "GER"]
[SourceTitle "CBM 185 Extra"]
[Source "ChessBase"]
[SourceDate "2018.07.29"]
[SourceVersion "1"]
[SourceVersionDate "2018.07.29"]
[SourceQuality "1"]

1. d4 Nf6 2. Nf3 e6 3. Bf4 b6 4. e3 Bb7 5. Nbd2 Be7 6. h3 d6 7. Bd3 Nbd7 8. 0-0 c5 9. c3 0-0 10. Qe2 Re8 11. Rfd1 Bf8 12. Nc4 cxd4 13. Nxd6 Bxf3 14. gxf3 Bxd6 15. Bxd6 dxc3 16. bxc3 Nd5 17. Qc2 Qh4 18. c4 N5f6 19. Kh2 g6 20. Bg3 Qh5 21. Be2 Rad8 22. Qb2 Qh6 23. Rd4 e5 24. Rd6 Nh5 25. Bh4 f6 26. Qd2 Re7 27. c5 bxc5 28. Bb5 Nf4 29. exf4 Qxh4 30. Kg2 exf4 31. Qd5+ Kg7 32. Rxd7 Rdxd7 33. Bxd7 Qg5+ 34. Qxg5 fxg5 35. Bb5 Rb7 36. a4 Kf6 37. Re1 h5 38. Re8 Rc7 39. Bc4 Rd7 40. Rc8 g4 41. Rc6+ Ke5 42. Rxc5+ Kd4 43. Rc6 gxh3+ 44. Kxh3 g5 45. Bb5 Rg7 46. Rh6 g4+ 47. Kg2 g3 48. Rxh5 gxf2+ 49. Kxf2 Rf7 50. a5 1-0

[Event "Kiel op 31st"]
[Site "Kiel"]
[Date "2018.07.29"]
[Round "4"]
[White "Light, Bjarne"]
[Black "Quiring, Nikolai"]
[Result "1/2-1/2"]
[WhiteElo "2177"]
[BlackElo "2006"]
[PlyCount "133"]
[EventDate "2018.07.28"]
[EventType "swiss"]
[EventRounds "9"]
[EventCountry "GER"]
[SourceTitle "CBM 185 Extra"]
[Source "ChessBase"]
[SourceDate "2018.07.29"]
[SourceVersion "1"]
[SourceVersionDate "2018.07.29"]
[SourceQuality "1"]

1. c4 e6 2. g3 c5 3. Bg2 Nc6 4. Nc3 Nf6 5. Nf3 d5 6. d4 cxd4 7. Nxd4 Qb6 8. Nc2 d4 9. Ne4 Nxe4 10. Bxe4 e5 11. 0-0 Bh3 12. Re1 Bb4 13. Nxb4 Qxb4 14. b3 f5 15. a3 Qe7 16. Bd5 h5 17. e3 e4 18. exd4 h4 19. b4 hxg3 20. fxg3 Qf6 21. Be3 0-0-0 22. Bxc6 bxc6 23. Qa4 f4 24. Qa6+ Kd7 25. Bxf4 Qxd4+ 26. Be3 Qf6 27. Rad1+ Ke8 28. Rxd8+ Kxd8 29. Qxa7 Qf3 30. Bg5+ Kc8 31. Qa6+ Kd7 32. Qb7+ Ke6 33. Qxc6+ Kf5 34. Qd5+ Kg6 35. Qxe4+ Qxe4 36. Rxe4 Kxg5 37. Kf2 Bf5 38. h4+ Kg6 39. Re3 Rc8 40. Rc3 Be6 41. c5 Bd7 42. Ke3 Bb5 43. Kd4 Kf5 44. Re3 Rd8+ 45. Kc3 Ra8 46. Kb3 Kg4 47. Re7 g6 48. Re6 Be8 49. Re3 Bf7+ 50. Kb2 Be8 51. Rd3 Ra6 52. Rc3 Rf6 53. Kb3 Rf3 54. Rxf3 Kxf3 55. Kc4 Kxg3 56. b5 Kxh4 57. c6 g5 58. Kc5 g4 59. Kd6 Bg6 60. b6 g3 61. b7 g2 62. b8Q g1Q 63. Qh8+ Kg5 64. Qe5+ Bf5 65. Qg7+ Bg6 66. Qe5+ Bf5 67. Qg7+ 1/2-1/2

[Event "Lueneburg IM"]
[Site "Lueneburg"]
[Date "2018.07.05"]
[Round "1"]
[White "Light, Bjarne"]
[Black "Kuberczyk, Christoph"]
[Result "0-1"]
[WhiteElo "2177"]
[BlackElo "2225"]
[PlyCount "102"]
[EventDate "2018.07.05"]
[EventType "tourn"]
[EventRounds "9"]
[EventCountry "GER"]
[EventCategory "1"]
[SourceTitle "CBM 185 Extra"]
[Source "ChessBase"]
[SourceDate "2018.07.29"]
[SourceVersion "1"]
[SourceVersionDate "2018.07.29"]
[SourceQuality "1"]

1. d4 d5 2. Bf4 c5 3. e3 Nc6 4. c3 Qb6 5. Qb3 c4 6. Qc2 e5 7. dxe5 Bf5 8. Qc1 g5 9. Bg3 h5 10. h3 Bg7 11. Nf3 g4 12. Nd4 Nge7 13. Nd2 Nxe5 14. e4 Bg6 15. Bxe5 Bxe5 16. exd5 Bxd4 17. cxd4 0-0 18. Bxc4 Rfe8 19. hxg4 Nf5+ 20. Kf1 hxg4 21. Qc3 Qf6 22. Kg1 Rac8 23. a4 Nxd4 24. Kf1 Re2 25. Bxe2 Rxc3 26. bxc3 Nc2 27. Rc1 Qxc3 28. Rd1 Nd4 29. Bxg4 Bc2 30. Rh3 Qb4 31. Re1 Qxd2 32. Re8+ Kg7 33. Kg1 Nf5 34. Bf3 Bxa4 35. Re2 Qc1+ 36. Kh2 Qf4+ 37. Kg1 Qc1+ 38. Kh2 Bd1 39. Re4 Bxf3 40. Rxf3 Nd6 41. Re7 a5 42. Rd7 Qc5 43. Rg3+ Kf8 44. Re3 Qc8 45. Rde7 a4 46. Rc7 Qb8 47. g3 a3 48. Rd7 a2 49. Re1 Qa7 50. Rd8+ Kg7 51. Kg2 Qa5 0-1

[Event "Kolding-ch DanPumps Master 2"]
[Site "Kolding"]
[Date "2018.04.??"]
[Round "3"]
[White "Light, Bjarne"]
[Black "Guindy, Esmat Susanne"]
[Result "1/2-1/2"]
[WhiteElo "2201"]
[BlackElo "2204"]
[PlyCount "66"]
[EventDate "2018.04.13"]
[EventType "tourn"]
[EventRounds "5"]
[EventCountry "DEN"]
[SourceTitle "EXT 2023"]
[Source "ChessBase"]
[SourceDate "2022.10.05"]
[SourceVersion "1"]
[SourceVersionDate "2022.10.05"]
[SourceQuality "1"]

1. d4 d5 2. Bf4 Bf5 3. c4 e6 4. Nc3 c6 5. Qb3 Qb6 6. c5 Qxb3 7. axb3 Nd7 8. b4 a6 9. e3 Rc8 10. Nf3 Ngf6 11. h3 Be7 12. Nd2 Bd8 13. b5 cxb5 14. Bxb5 0-0 15. Be2 Re8 16. Bd6 Bc7 17. Bxc7 Rxc7 18. f4 Nb8 19. b4 Nc6 20. b5 Nb4 21. Kf2 b6 22. Na4 bxc5 23. Nxc5 axb5 24. Bxb5 Rec8 25. Ra4 Nc6 26. Rha1 h5 27. Ra8 g6 28. Nf3 Ne4+ 29. Nxe4 Bxe4 30. Rxc8+ Rxc8 31. Rc1 Na7 32. Rxc8+ Nxc8 33. Nd2 Nd6 1/2-1/2

[Event "Blankenese op 1st"]
[Site "Hamburg"]
[Date "2017.10.03"]
[Round "3.4"]
[White "Light, Bjarne"]
[Black "Krause, Jonah"]
[Result "0-1"]
[WhiteElo "2162"]
[BlackElo "2336"]
[PlyCount "108"]
[EventDate "2017.09.30"]
[EventType "swiss"]
[EventRounds "7"]
[EventCountry "GER"]
[SourceTitle "EXT 2020"]
[Source "ChessBase"]
[SourceDate "2019.10.17"]
[SourceVersion "1"]
[SourceVersionDate "2019.10.17"]
[SourceQuality "1"]

1. c4 g6 2. g3 Bg7 3. Bg2 Nf6 4. Nc3 0-0 5. d3 d6 6. a3 e5 7. e4 c6 8. Nge2 a6 9. 0-0 b5 10. h3 Be6 11. b3 Qd7 12. Kh2 d5 13. Bg5 dxc4 14. dxc4 bxc4 15. b4 a5 16. Na4 axb4 17. axb4 Qxd1 18. Rfxd1 Nfd7 19. Nec3 Na6 20. Rxd7 Bxd7 21. Nb6 Be6 22. Nxa8 Rxa8 23. Be7 Nc7 24. Rc1 Nb5 25. Nd1 Ra2 26. Bc5 Bh6 27. Be3 Bxe3 28. Nxe3 Rxf2 29. Kg1 Rb2 30. Nxc4 Bxc4 31. Rxc4 Nd4 32. h4 Rc2 33. Rc5 Rxc5 34. bxc5 Ne6 35. Kf2 Nxc5 36. Ke3 Kf8 37. h5 Ke7 38. Bf1 Kf8 39. Bg2 Ke7 40. Bf1 Kf6 41. hxg6 fxg6 42. Bc4 h5 43. Kf3 g5 44. Bf1 Ne6 45. Ba6 Nd4+ 46. Kf2 g4 47. Bc8 Kg5 48. Ba6 h4 49. gxh4+ Kxh4 50. Kg2 Ne6 51. Bc8 Nf4+ 52. Kh2 c5 53. Ba6 g3+ 54. Kg1 Kg4 0-1